000 00691nam a2200241Ia 4500
003 OSt
005 20220912145520.0
006 a|||||r|||| 00| 0
007 ta
008 220909b |||||||| |||| 00| 0 eng d
024 _a69283
037 _cTextual
040 _aCSL
_beng
_cCSL
041 _aeng
082 _aLh5923:N46, K6.10
100 _aGaon Jakob Ed.
245 0 _aFolia medica : Facultatis medicinae uviversitatis saraeviensis
260 _aJugoslavia
_bEditiofacultatis Medicinae University Saraeviensis
_c1966
300 _ap.
_ccm.
650 _aMedicine
942 _hLh5923:N46, K6.10
_cTEXL
_2CC
999 _c33538
_d33538